[Event "Arber op 09th"]
[Site "Bodenmais"]
[Date "2022.08.02"]
[Round "4"]
[White "Kerschenbauer, Franz"]
[Black "Fuchs, Michael"]
[Result "1/2-1/2"]
[WhiteElo "1898"]
[BlackElo "2049"]
[PlyCount "42"]
[EventDate "2022.07.30"]
[EventType "swiss"]
[EventRounds "9"]
[EventCountry "GER"]
[SourceTitle "CBM 209 Extra"]
[Source "ChessBase"]
[SourceDate "2022.09.30"]
[SourceVersion "1"]
[SourceVersionDate "2022.09.30"]
[SourceQuality "1"]

1. d4 e6 2. c4 Nf6 3. Nf3 c5 4. d5 b5 5. dxe6 fxe6 6. cxb5 d5 7. e3 Bd6 8. b3 0-0 9. Bb2 Nbd7 10. Bd3 Qe7 11. Nbd2 Bb7 12. Qc2 e5 13. e4 d4 14. a4 Nh5 15. g3 Kh8 16. Be2 g6 17. a5 Rac8 18. Bf1 c4 19. bxc4 Bb4 20. Bg2 Nhf6 21. 0-0 Nc5 1/2-1/2

[Event "Arber Seniors op 6th"]
[Site "Bayerisch Eisenstein"]
[Date "2018.07.31"]
[Round "4"]
[White "Fuchs, Michael"]
[Black "Schulz, Michael"]
[Result "0-1"]
[WhiteElo "2082"]
[BlackElo "2179"]
[PlyCount "58"]
[EventDate "2018.07.28"]
[EventType "swiss"]
[EventRounds "9"]
[EventCountry "GER"]
[SourceTitle "CBM 185 Extra"]
[Source "ChessBase"]
[SourceDate "2018.07.29"]
[SourceVersion "1"]
[SourceVersionDate "2018.07.29"]
[SourceQuality "1"]

1. e4 g6 2. d4 Bg7 3. Nc3 c5 4. dxc5 Bxc3+ 5. bxc3 Qa5 6. Qd4 Nf6 7. Qb4 Qc7 8. Nf3 Nc6 9. Qc4 b6 10. Ba3 0-0 11. Bd3 bxc5 12. 0-0 d6 13. e5 Be6 14. Qh4 Nxe5 15. Nxe5 dxe5 16. c4 Rab8 17. f3 Rfd8 18. Qf2 Rd4 19. Qe2 e4 20. fxe4 Ng4 21. g3 Ne5 22. Rab1 Bg4 23. Rxb8+ Qxb8 24. Qf2 Qb6 25. Bc1 Bh3 26. Re1 Qa5 27. Rd1 Qxa2 28. Qf4 Rxd3 29. Rxd3 Nxd3 0-1

[Event "Arber op 6th"]
[Site "Bodenmais"]
[Date "2017.07.31"]
[Round "3"]
[White "Babiy, Olga"]
[Black "Fuchs, Michael"]
[Result "1/2-1/2"]
[WhiteElo "2388"]
[BlackElo "2096"]
[PlyCount "82"]
[EventDate "2017.07.29"]
[EventType "swiss"]
[EventRounds "9"]
[EventCountry "GER"]
[SourceTitle "CBM 179 Extra"]
[Source "ChessBase"]
[SourceDate "2017.08.23"]
[SourceVersion "1"]
[SourceVersionDate "2017.08.23"]
[SourceQuality "1"]

1. e4 e5 2. Nf3 Nc6 3. Bb5 a6 4. Ba4 Nf6 5. 0-0 b5 6. Bb3 Be7 7. Re1 d6 8. c3 0-0 9. h3 Re8 10. d4 h6 11. a4 Bb7 12. Nbd2 Bf8 13. Bc2 exd4 14. cxd4 Nb4 15. Bb1 c5 16. d5 g6 17. Nf1 Bg7 18. Qb3 bxa4 19. Rxa4 a5 20. Bd2 Qb6 21. Bxb4 axb4 22. Bd3 Rxa4 23. Qxa4 Ra8 24. Qb3 Nd7 25. N1d2 Qd8 26. Nc4 Nb6 27. Nxb6 Qxb6 28. Rc1 h5 29. Ng5 Bh6 30. h4 f6 31. e5 fxg5 32. Bxg6 c4 33. Qxc4 Rc8 34. Qf1 gxh4 35. Rxc8+ Bxc8 36. e6 Qc7 37. Bxh5 Kf8 38. Qb5 Qc1+ 39. Kh2 Qf4+ 40. Kg1 Qc1+ 41. Kh2 Qf4+ 1/2-1/2

[Event "Donau op 23rd"]
[Site "Aschach"]
[Date "2014.12.31"]
[Round "7"]
[White "Fuchs, Michael"]
[Black "Polajzer, Danilo"]
[Result "0-1"]
[WhiteElo "2206"]
[BlackElo "2294"]
[PlyCount "68"]
[EventDate "2014.12.26"]
[EventType "swiss"]
[EventRounds "7"]
[EventCountry "AUT"]
[SourceTitle "CBM 164 Extra"]
[Source "ChessBase"]
[SourceDate "2015.03.02"]
[SourceVersion "1"]
[SourceVersionDate "2015.03.02"]
[SourceQuality "1"]

1. e4 c5 2. Nf3 e6 3. c3 Nf6 4. e5 Nd5 5. d4 cxd4 6. cxd4 d6 7. a3 Be7 8. Bd3 Bd7 9. 0-0 Bc6 10. Nc3 Nxc3 11. bxc3 Nd7 12. Bf4 dxe5 13. Nxe5 Nxe5 14. Bxe5 Bd6 15. Re1 Rc8 16. Qg4 Bxe5 17. Rxe5 g6 18. c4 Qf6 19. Rae1 0-0 20. h4 Rcd8 21. h5 Rd6 22. c5 Rd5 23. hxg6 hxg6 24. R1e3 Rfd8 25. Qg3 Rxd4 26. Bxg6 Rd1+ 27. Kh2 fxg6 28. Qg4 R1d4 29. Qxe6+ Qxe6 30. Rxe6 Rg4 31. f3 Rg5 32. g4 Rf8 33. Kg3 Kg7 34. Rc3 Re8 0-1

[Event "Niederbayern-ch"]
[Site "Roehrnbach"]
[Date "2014.04.25"]
[Round "4"]
[White "Stadler, Alexander"]
[Black "Fuchs, Michael"]
[Result "1-0"]
[WhiteElo "2057"]
[BlackElo "2031"]
[PlyCount "59"]
[EventDate "2014.04.24"]
[EventType "swiss"]
[EventRounds "7"]
[EventCountry "GER"]
[SourceTitle "EXT 2023"]
[Source "ChessBase"]
[SourceDate "2022.10.05"]
[SourceVersion "1"]
[SourceVersionDate "2022.10.05"]
[SourceQuality "1"]

1. Nf3 Nf6 2. c4 g6 3. Nc3 Bg7 4. e4 d6 5. d4 0-0 6. h3 e5 7. d5 a5 8. Bg5 h6 9. Be3 Nbd7 10. Nd2 c5 11. Be2 Ne8 12. g4 Kh7 13. h4 Nc7 14. Bd3 b5 15. cxb5 Nb6 16. a4 Kg8 17. Qf3 f6 18. h5 g5 19. Qd1 Bd7 20. Ncb1 Kh8 21. Na3 f5 22. gxf5 Ncxd5 23. exd5 Nxd5 24. Be4 Nxe3 25. fxe3 d5 26. Bxd5 Bxf5 27. e4 g4 28. Qe2 Rc8 29. Nac4 Bh7 30. 0-0-0 1-0

[Event "Daehne Cup Region VII Rest"]
[Site "Hannover"]
[Date "2013.07.04"]
[Round "4"]
[White "Fuchs, Michael"]
[Black "Nagel, Detlev"]
[Result "1/2-1/2"]
[WhiteElo "1507"]
[BlackElo "1493"]
[PlyCount "50"]
[EventDate "2013.05.??"]
[EventType "swiss"]
[EventCountry "GER"]
[SourceTitle "EXT 2022"]
[Source "ChessBase"]
[SourceDate "2021.10.06"]
[SourceVersion "1"]
[SourceVersionDate "2021.10.06"]
[SourceQuality "1"]

1. d4 f5 2. c4 Nf6 3. Nf3 e6 4. e3 c6 5. a3 Be7 6. Be2 Ne4 7. 0-0 0-0 8. Nc3 d5 9. Ne5 Nd7 10. f4 Ndf6 11. Nxe4 dxe4 12. b3 c5 13. dxc5 Bxc5 14. b4 Bb6 15. c5 Bc7 16. Bb2 Nd5 17. Qb3 a5 18. Bd4 a4 19. Qa2 g5 20. Rad1 gxf4 21. exf4 Qe8 22. Qd2 h6 23. Rc1 Bxe5 24. Bxe5 Kh7 25. Qd4 Rg8 1/2-1/2